| 000 | 02803nam0a2200397 i 4500 | ||
|---|---|---|---|
| 001 | RU\NLR\BIBL_A\011346335 | ||
| 005 | 20260406081626.0 | ||
| 010 |
_a9785831109863 _91000 |
||
| 021 |
_aRU _b2017-9380 _9687 |
||
| 035 | _a(NLR Aleph) 011346335 | ||
| 090 |
_a11220023 _c11220023 |
||
| 100 | _a20170315d2016 k y0rusy50 ca | ||
| 101 | 0 |
_arus _aeng |
|
| 102 | _aRU | ||
| 105 | _ay z 100zy | ||
| 200 | 1 |
_aПсихология отношения человека к жизнедеятельности: проблемы и перспективы _dPsychology of a person's attitude to ability to live: problems and prospects _eтезисы докладов Международной научно-практической конференции, 10-13 июля 2016 г., г. Владимир _f[редакционная коллегия: А.Л. Журавлев, д.психол.н., проф. (отв. ред.) и др.] _zeng |
|
| 210 |
_aМосква _aВладимир _cТранзит-ИКС _d2016 |
||
| 215 |
_a218 с. _d20 |
||
| 300 | _aВ надзаг.: М-во образования и науки Рос. Федерации, Федер. гос. бюджет. образоват. учреждение высш. образования "Владимир. гос. ун-т им. А.Г. и Н.Г. Столетовых", Гуманитар. Ин-т, Ин-т психологии Рос. Акад. Наук, Ун-т г. Жешув (Польша), Костром. гос. ун-т им. Н.А. Некрасова | ||
| 300 | _aЧасть текста на англ. яз. | ||
| 320 | _aБиблиогр. в конце ст. | ||
| 510 | 1 |
_aPsychology of a person's attitude to ability to live: problems and prospects _zeng |
|
| 606 |
_aПсихология отношений _jСъезды, совещания и т.п _92084728 _3RU\NLR\AUTH\661260823 |
||
| 606 |
_aПедагогическая психология _jСъезды, совещания и т.п _91006945 _3RU\NLR\AUTH\6665004 |
||
| 686 | 1 | _aС581я431 | |
| 686 | 1 | _aЮ937.235я431 | |
| 686 | 1 | _aЮ940я431 | |
| 686 | 1 | _aЮ984.0я431 | |
| 702 | 1 |
_4340 _7ca _8rus _aЖуравлев _bА. Л. _cпсихолог _f1948- _gАнатолий Лактионович _928910 _3RU\NLR\AUTH\7745975 |
|
| 711 | 1 | 2 |
_a"Психология отношения человека к жизнедеятельности: проблемы и перспективы", международная научно-практическая конференция _eВладимир _f2016 _9552374 _3RU\NLR\AUTH\880444200 |
| 942 | _cBOOK | ||
| 980 | _aNBR | ||